Notre Dame All-Time Leading Rushers - Statistics

General Stats
  • This quiz has been taken 16 times
  • The average score is 4 of 15
Answer Stats
Year Yards Answer % Correct
2025 2,882 Jeremiyah Love
92%
2023 2,321 Audric Estime
62%
2017 3,198 Josh Adams
54%
2021 2,153 Kyren Williams
54%
2003 3,018 Julius Jones
38%
2012 2,447 Cierre Wood
23%
2006 3,249 Darius Walker
23%
2004 2,220 Ryan Grant
23%
1985 4,131 Allen Pinkett
15%
1998 4,318 Autry Denson
15%
1991 2,274 Tony Brooks
8%
1978 2,682 Jerome Heavens
0%
1982 2,409 Phil Carter
0%
1996 2,295 Randy Kinder
0%
1979 3,472 Vagas Ferguson
0%
No matching quizzes found
Score Distribution
Percent of People with Each Score
Percentile by Number Answered
Your Score History
You have not taken this quiz